000 00545nam a2200181Ia 4500
005 20250423095117.0
008 250422s9999 xx 000 0 und d
020 _a9780143038412
050 _aG 154.5 .G55/
100 _aGilbert, Elizabeth
245 0 _aEat, pray, love : one woman's search for everything across Italy, India and Indonesia
260 _aNew York
260 _bPenguin Group
260 _c2006
300 _a334 p
650 _aGilbert, Elizabeth, 1969---Travel. Travel writers--United States--Biography.
942 _cBK
999 _c29272
_d29272